[Event "Wachtebeke-B"]
[Site "Wachtebeke"]
[Date "2024.02.14"]
[Round "8"]
[White "Toulzac, Pierre Yves"]
[Black "Dreelinck, Adriaan"]
[Result "1/2-1/2"]
[WhiteElo "2046"]
[BlackElo "2205"]
[PlyCount "76"]
[EventDate "2024.02.12"]
[EventType "tourn"]
[EventRounds "9"]
[EventCountry "BEL"]
[SourceTitle "CB08_2024"]
[SourceDate "2024.02.21"]
[SourceVersion "1"]
[SourceVersionDate "2024.02.21"]
[SourceQuality "1"]

1. d4 Nf6 2. c4 g6 3. Nc3 Bg7 4. e4 d6 5. h3 0-0 6. Nf3 e5 7. dxe5 dxe5 8. Qxd8 Rxd8 9. Bg5 c6 10. Nxe5 Re8 11. 0-0-0 Na6 12. f4 h6 13. Bxf6 Bxf6 14. Nf3 Bxc3 15. bxc3 Rxe4 16. Rd8+ Kg7 17. Bd3 Rxf4 18. Re1 Nc7 19. Nd4 Kf6 20. c5 Rf2 21. Bc4 Bf5 22. Rd6+ Kg5 23. Bxf7 Rxg2 24. Nxf5 Kxf5 25. Rf1+ Ke5 26. Bxg6 Rg8 27. Rf5+ Ke4 28. Rg5+ Rxg6 29. Rgxg6 Rxa2 30. Rd4+ Ke3 31. Rxh6 Rh2 32. h4 Nd5 33. Re6+ Kf3 34. Rd3+ Kg4 35. Rg6+ Kf5 36. Rg7 Rxh4 37. Rxb7 Rc4 38. Rxa7 Ke5 1/2-1/2

[Event "Wachtebeke-B"]
[Site "Wachtebeke"]
[Date "2024.02.12"]
[Round "3"]
[White "Schrik, Rachid"]
[Black "Dreelinck, Adriaan"]
[Result "1-0"]
[WhiteElo "2179"]
[BlackElo "2205"]
[PlyCount "59"]
[EventDate "2024.02.12"]
[EventType "tourn"]
[EventRounds "9"]
[EventCountry "BEL"]
[SourceTitle "CB08_2024"]
[SourceDate "2024.02.21"]
[SourceVersion "1"]
[SourceVersionDate "2024.02.21"]
[SourceQuality "1"]

1. c4 Nf6 2. Nc3 g6 3. d4 Bg7 4. e4 d6 5. Be2 0-0 6. Be3 Nbd7 7. Nf3 e5 8. 0-0 Qe7 9. dxe5 dxe5 10. h3 c6 11. Qc2 Nc5 12. Rfd1 Nh5 13. Nd2 Nf4 14. Bf1 g5 15. Nb3 Nxb3 16. axb3 g4 17. hxg4 Bxg4 18. f3 Bh5 19. Qf2 b6 20. c5 Kh8 21. g3 Rg8 22. cxb6 Bh6 23. Rxa7 Rxa7 24. bxa7 Nh3+ 25. Bxh3 Bxe3 26. Qxe3 Qh4 27. Bg2 Qxg3 28. Qf2 Qf4 29. Ra1 Bxf3 30. a8Q 1-0

[Event "Wch U18"]
[Site "Montesilvano"]
[Date "2023.11.15"]
[Round "3"]
[White "Nikolov, Yavor"]
[Black "Dreelinck, Adriaan"]
[Result "1/2-1/2"]
[WhiteElo "2067"]
[BlackElo "2264"]
[PlyCount "81"]
[EventDate "2023.11.13"]
[EventType "swiss"]
[EventRounds "11"]
[EventCountry "ITA"]
[SourceTitle "CB48_2023"]
[SourceDate "2023.11.29"]
[SourceVersion "1"]
[SourceVersionDate "2023.11.29"]
[SourceQuality "1"]

1. e4 c5 2. Nf3 d6 3. d4 cxd4 4. Nxd4 Nf6 5. Nc3 a6 6. Bg5 e6 7. f4 Be7 8. Qf3 h6 9. Bh4 Qc7 10. 0-0-0 Nbd7 11. Be2 b5 12. Bxf6 Nxf6 13. e5 Bb7 14. Qg3 dxe5 15. fxe5 Ne4 16. Nxe6 Qxc3 17. Nxg7+ Kf8 18. Ne6+ Ke8 19. Qxc3 Nxc3 20. Nc7+ Kf8 21. bxc3 Rc8 22. Nd5 Bxd5 23. Rxd5 Rg8 24. Bf3 Rxc3 25. Re1 Rg6 26. Rd7 Rc5 27. g3 b4 28. Rd4 Bg5+ 29. Kb1 Re6 30. Bd5 Re7 31. Rf1 Rxe5 32. Bxf7 Rf5 33. Bc4 Rxf1+ 34. Bxf1 a5 35. Bd3 Bd2 36. Rd6 Ke7 37. Ra6 Rh5 38. Kb2 Rxh2 39. Rxa5 Rg2 40. Ra7+ Kd6 41. Ra6+ 1/2-1/2

[Event "Wch U18"]
[Site "Montesilvano"]
[Date "2023.11.14"]
[Round "2"]
[White "Dreelinck, Adriaan"]
[Black "Davtyan, Arsen"]
[Result "0-1"]
[WhiteElo "2264"]
[BlackElo "2406"]
[PlyCount "136"]
[EventDate "2023.11.13"]
[EventType "swiss"]
[EventRounds "11"]
[EventCountry "ITA"]
[SourceTitle "CB48_2023"]
[SourceDate "2023.11.29"]
[SourceVersion "1"]
[SourceVersionDate "2023.11.29"]
[SourceQuality "1"]

1. d4 Nf6 2. c4 e6 3. g3 d5 4. Nf3 Bb4+ 5. Bd2 Be7 6. Bg2 0-0 7. 0-0 Nbd7 8. Qc2 c6 9. Rd1 b6 10. b3 a5 11. Bc3 Ne4 12. Bb2 Bb7 13. Nc3 f5 14. Nd2 Bd6 15. e3 Qg5 16. Nf1 Rae8 17. f3 Nef6 18. Re1 Qh5 19. Rad1 Bb8 20. Qe2 Ba6 21. Nd2 e5 22. f4 Qxe2 23. Rxe2 e4 24. Ba3 Rf7 25. Ree1 h6 26. Bf1 Bb7 27. cxd5 cxd5 28. Bb5 Re6 29. Rc1 g5 30. h3 Rg7 31. Kf2 Nf8 32. Bxf8 Kxf8 33. Na4 Nh5 34. Rg1 gxf4 35. gxf4 Nxf4 36. Rxg7 Kxg7 37. Rg1+ Ng6 38. h4 Kf6 39. h5 Ne7 40. Nb1 f4 41. exf4 Bxf4 42. Nbc3 Bg5 43. Rf1 Kg7 44. Ke2 Rf6 45. Bd7 Ba6+ 46. Bb5 Bb7 47. Bd7 Rxf1 48. Kxf1 Be3 49. Ne2 Ba6 50. Nxb6 Bxd4 51. Nc8 Kf6 52. Nd6 Bc5 53. Ne8+ Ke5 54. Nc7 Bd3 55. Ne6 Be3 56. Nf8 Kd6 57. Bg4 Nc6 58. Ne6 Ne5 59. Bh3 Nf3 60. Ng7 Nd4 61. Bg4 Ke5 62. Ke1 Nxe2 63. Bxe2 Bxe2 64. Kxe2 d4 65. a3 Bg5 66. Ne8 d3+ 67. Ke1 e3 68. b4 Bh4+ 0-1

[Event "Bruges Masters op"]
[Site "Bruges"]
[Date "2023.08.15"]
[Round "5"]
[White "De Block, Yordi"]
[Black "Dreelinck, Adriaan"]
[Result "0-1"]
[WhiteElo "2095"]
[BlackElo "2272"]
[PlyCount "104"]
[EventDate "2023.08.12"]
[EventType "swiss"]
[EventRounds "9"]
[EventCountry "BEL"]
[SourceTitle "CBM 215 Extra"]
[Source "ChessBase"]
[SourceDate "2023.09.30"]
[SourceVersion "1"]
[SourceVersionDate "2023.09.30"]
[SourceQuality "1"]

1. Nf3 d5 2. g3 Nf6 3. Bg2 c6 4. 0-0 Bf5 5. d3 h6 6. Nbd2 e6 7. Re1 Be7 8. e4 dxe4 9. dxe4 Nxe4 10. Qe2 Nxd2 11. Bxd2 0-0 12. Bc3 Nd7 13. Nd4 Bf6 14. Nxf5 exf5 15. Rad1 Bxc3 16. bxc3 Qc8 17. Bh3 Nf6 18. Qe5 Re8 19. Qxf5 Qxf5 20. Bxf5 g6 21. Bd3 Rxe1+ 22. Rxe1 Re8 23. Rd1 Kf8 24. Rb1 b6 25. f4 Ke7 26. a4 Kd6 27. a5 Kc5 28. axb6 axb6 29. Ra1 Re7 30. h3 Nd5 31. Ra3 b5 32. Kf2 h5 33. Kf3 Re3+ 34. Kf2 h4 35. gxh4 Rxh3 36. f5 gxf5 37. Ra7 Rxh4 38. Rxf7 f4 39. Rf5 Rh2+ 40. Kf3 Rh3+ 41. Kf2 Re3 42. Rh5 Kd6 43. c4 bxc4 44. Bxc4 Nf6 45. Rf5 Ng4+ 46. Kg1 Rg3+ 47. Kh1 Nf2+ 48. Kh2 Ng4+ 49. Kh1 f3 50. Bf1 f2 51. Bg2 Rxg2 52. c4 Rg1# 0-1

[Event "Geraardsbergen op 38th"]
[Site "Geraardsbergen"]
[Date "2023.08.09"]
[Round "8"]
[White "Dreelinck, Adriaan"]
[Black "Bosboom, Manuel"]
[Result "0-1"]
[WhiteElo "2272"]
[BlackElo "2338"]
[PlyCount "50"]
[EventDate "2023.08.06"]
[EventType "swiss"]
[EventRounds "9"]
[EventCountry "BEL"]
[SourceTitle "CBM 215 Extra"]
[Source "ChessBase"]
[SourceDate "2023.09.30"]
[SourceVersion "1"]
[SourceVersionDate "2023.09.30"]
[SourceQuality "1"]

1. d4 Nf6 2. c4 g6 3. Nc3 Bg7 4. e4 d6 5. Nf3 0-0 6. Be2 Nbd7 7. Be3 e5 8. d5 Nc5 9. Nd2 a5 10. a3 Ne8 11. b4 axb4 12. axb4 Rxa1 13. Qxa1 Na6 14. Qa3 f5 15. f3 Bh6 16. Nd1 Bxe3 17. Nxe3 Qg5 18. c5 Nxb4 19. cxd6 f4 20. Qxb4 fxe3 21. Nc4 Qxg2 22. Rf1 Nxd6 23. Nxe3 Qxh2 24. Qc3 Bh3 25. Rf2 Qxf2+ 0-1

[Event "Ghent op-B 44th"]
[Site "Ghent"]
[Date "2023.07.18"]
[Round "7"]
[White "Dreelinck, Adriaan"]
[Black "Van Osch, Mees"]
[Result "1/2-1/2"]
[WhiteElo "2214"]
[BlackElo "2320"]
[PlyCount "164"]
[EventDate "2023.07.11"]
[EventType "swiss"]
[EventRounds "9"]
[EventCountry "BEL"]
[SourceTitle "EXT 2024"]
[Source "ChessBase"]
[SourceDate "2023.10.10"]
[SourceVersion "1"]
[SourceVersionDate "2023.10.10"]
[SourceQuality "1"]

1. d4 Nf6 2. c4 g6 3. Nc3 Bg7 4. e4 d6 5. Be2 0-0 6. Be3 e5 7. d5 Na6 8. g4 Nc5 9. f3 h5 10. h4 hxg4 11. b4 Na6 12. fxg4 Nxb4 13. h5 gxh5 14. gxh5 Nh7 15. a3 Na6 16. Bg4 Nc5 17. Ra2 f5 18. Bxf5 Bxf5 19. exf5 e4 20. Rg2 Kh8 21. Bd4 Bxd4 22. Qxd4+ Qf6 23. Nge2 Nd3+ 24. Kd1 Ne5 25. Nf4 Ng5 26. Ng6+ Kh7 27. Nxf8+ Rxf8 28. Nxe4 Nxe4 29. Qxe4 Qxf5 30. Qxf5+ Rxf5 31. h6 Nxc4 32. Rg7+ Kh8 33. h7 Rf1+ 34. Rxf1 Kxg7 35. Rf7+ Kh8 36. Ke2 Nxa3 37. Kd3 b5 38. Rxc7 a5 39. Kc3 b4+ 40. Kb3 Nb5 41. Rb7 Nc3 42. Kc4 Nd1 43. Kb5 b3 44. Kxa5 b2 45. Ka6 Nc3 46. Rxb2 Nxd5 47. Rd2 Nf6 48. Kb6 Kxh7 49. Kc6 Kg6 50. Rg2+ Kf5 51. Kxd6 Ne4+ 52. Kd5 Nf6+ 53. Kd4 Ke6 54. Rg5 Nd7 55. Ra5 Nf6 56. Re5+ Kd6 57. Re1 Nd7 58. Rh1 Ke6 59. Rh5 Nf6 60. Rg5 Nd7 61. Ke4 Nf6+ 62. Kf4 Nd5+ 63. Kf3 Nf6 64. Ra5 Nd5 65. Ke4 Nf6+ 66. Kd4 Nd7 67. Ra7 Nf6 68. Ra6+ Kf5 69. Rd6 Ng4 70. Rd5+ Kf4 71. Rh5 Nf6 72. Rh1 Kf5 73. Re1 Ng4 74. Kd5 Nf6+ 75. Kd4 Ng4 76. Re4 Nf6 77. Re5+ Kf4 78. Ra5 Ng4 79. Ra1 Kf5 80. Rf1+ Ke6 81. Rf4 Nf6 82. Rxf6+ Kxf6 1/2-1/2

[Event "Ghent op-B 44th"]
[Site "Ghent"]
[Date "2023.07.17"]
[Round "5"]
[White "Goudriaan, Etienne"]
[Black "Dreelinck, Adriaan"]
[Result "1/2-1/2"]
[WhiteElo "2322"]
[BlackElo "2214"]
[PlyCount "110"]
[EventDate "2023.07.11"]
[EventType "swiss"]
[EventRounds "9"]
[EventCountry "BEL"]
[SourceTitle "EXT 2024"]
[Source "ChessBase"]
[SourceDate "2023.10.10"]
[SourceVersion "1"]
[SourceVersionDate "2023.10.10"]
[SourceQuality "1"]

1. Nf3 d5 2. g3 b6 3. Bg2 Bb7 4. d4 e6 5. 0-0 Nd7 6. c4 dxc4 7. a4 c5 8. Nbd2 Ngf6 9. Nxc4 cxd4 10. Qxd4 Nc5 11. Bf4 Nb3 12. Qxd8+ Rxd8 13. Rad1 Nd5 14. Ne3 Nxf4 15. Rxd8+ Kxd8 16. gxf4 f6 17. Rd1+ Kc7 18. Bh3 Bxf3 19. exf3 f5 20. Bf1 Bc5 21. Bc4 Nd4 22. b4 Nxf3+ 23. Kg2 Nh4+ 24. Kg3 Be7 25. Bxe6 Rd8 26. Nd5+ Kb8 27. Nxe7 Rxd1 28. Kxh4 Re1 29. Nc6+ Kc7 30. Bd5 Rg1 31. Bf3 Rf1 32. Nxa7 Rxf2 33. Kg3 Ra2 34. Nb5+ Kd7 35. Nc3 Ra3 36. Nd5 Kc6 37. Ne3+ Kc7 38. Nxf5 Rxa4 39. b5 g6 40. Ne3 Kd6 41. Ng4 Ra3 42. Kf2 Ra4 43. Kg3 Ra3 44. Kg2 Ra4 45. Nf6 Rxf4 46. Nxh7 Ke7 47. Kg3 Rf7 48. Ng5 Rf5 49. h4 Rxb5 50. Be4 Kf6 51. Kf4 Ra5 52. Nf3 Rh5 53. Ke3 g5 54. hxg5+ Rxg5 55. Nxg5 Kxg5 1/2-1/2

[Event "Bruges op-A"]
[Site "Bruges"]
[Date "2022.08.14"]
[Round "3"]
[White "Dreelinck, Adriaan"]
[Black "Tomov, Georgi"]
[Result "1/2-1/2"]
[WhiteElo "2133"]
[BlackElo "2282"]
[PlyCount "98"]
[EventDate "2022.08.13"]
[EventType "swiss"]
[EventRounds "9"]
[EventCountry "BEL"]
[SourceTitle "CBM 209 Extra"]
[Source "ChessBase"]
[SourceDate "2022.09.30"]
[SourceVersion "1"]
[SourceVersionDate "2022.09.30"]
[SourceQuality "1"]

1. d4 d5 2. c4 e6 3. Nc3 a6 4. cxd5 exd5 5. Bf4 Nf6 6. e3 c5 7. dxc5 Bxc5 8. g3 Nc6 9. Bg2 d4 10. exd4 Nxd4 11. Nge2 Bg4 12. h3 Bf3 13. Bxf3 Nxf3+ 14. Kf1 0-0 15. Qxd8 Rfxd8 16. Kg2 Nd4 17. Rhd1 Nxe2 18. Nxe2 Ne4 19. f3 Nf2 20. Rxd8+ Rxd8 21. b4 Bb6 22. Bc7 Bxc7 23. Kxf2 Bb6+ 24. Ke1 Be3 25. Rb1 f5 26. b5 a5 27. Rb3 Bd2+ 28. Kf2 Kf7 29. f4 Bb4 30. Rb2 Rd5 31. Kg2 g6 32. g4 Ke6 33. a4 fxg4 34. hxg4 Rd2 35. Rxd2 Bxd2 36. Kf3 Kd5 37. g5 Kc4 38. Ke4 Kb3 39. Kd3 Bb4 40. Nd4+ Kxa4 41. Kc4 Bd6 42. f5 gxf5 43. Nxf5 Bf4 44. b6 Bxg5 45. Nd6 Be3 46. Nxb7 Bxb6 47. Kd3 h5 48. Ke4 Kb4 49. Nxa5 Kxa5 1/2-1/2

[Event "Geraardsbergen op 37th"]
[Site "Geraardsbergen"]
[Date "2022.08.10"]
[Round "7"]
[White "Dreelinck, Adriaan"]
[Black "Bosboom, Manuel"]
[Result "1/2-1/2"]
[WhiteElo "2133"]
[BlackElo "2376"]
[PlyCount "84"]
[EventDate "2022.08.07"]
[EventType "swiss"]
[EventRounds "9"]
[EventCountry "BEL"]
[SourceTitle "CBM 209 Extra"]
[Source "ChessBase"]
[SourceDate "2022.09.30"]
[SourceVersion "1"]
[SourceVersionDate "2022.09.30"]
[SourceQuality "1"]

1. d4 d6 2. c4 g6 3. e4 Bg7 4. Nc3 Nf6 5. Nf3 0-0 6. Be2 Nbd7 7. 0-0 e5 8. d5 Nc5 9. Qc2 a5 10. Bg5 Qe8 11. Nd2 Kh8 12. Nb5 Na6 13. Be3 b6 14. a3 Nh5 15. Bxh5 gxh5 16. f4 exf4 17. Rxf4 Be5 18. Rf2 Bd7 19. Nd4 Nc5 20. Raf1 a4 21. Nf5 f6 22. Kh1 Rg8 23. Nh6 Rg6 24. Nf3 Kg7 25. Nf5+ Kg8 26. N3h4 b5 27. Nxg6 hxg6 28. Nh4 bxc4 29. Rxf6 Bxf6 30. Rxf6 Qxe4 31. Rxg6+ Kf7 32. Qf2+ Bf5 33. Rg5 Qb1+ 34. Qg1 Qxg1+ 35. Kxg1 Bd3 36. Bd4 Re8 37. Rg7+ Kf8 38. Rxc7 Re1+ 39. Kf2 Rf1+ 40. Ke3 Re1+ 41. Kf2 Rf1+ 42. Ke3 Re1+ 1/2-1/2

[Event "Vaujany op 13th"]
[Site "Vaujany"]
[Date "2022.07.16"]
[Round "3"]
[White "Fahys, Bertrand"]
[Black "Dreelinck, Adriaan"]
[Result "0-1"]
[WhiteElo "1842"]
[BlackElo "2163"]
[PlyCount "28"]
[EventDate "2022.07.14"]
[EventType "swiss"]
[EventRounds "9"]
[EventCountry "FRA"]
[SourceTitle "EXT 2023"]
[Source "ChessBase"]
[SourceDate "2022.10.05"]
[SourceVersion "1"]
[SourceVersionDate "2022.10.05"]
[SourceQuality "1"]

1. Nf3 d5 2. g3 Nd7 3. b3 e5 4. Bb2 e4 5. Nh4 Ndf6 6. d3 Bc5 7. dxe4 Nxe4 8. e3 Ngf6 9. Bg2 Nxf2 10. Kxf2 Ng4+ 11. Ke1 Nxe3 12. Qe2 0-0 13. Nf3 Re8 14. Ne5 d4 0-1

[Event "Wachtebeke op"]
[Site "Wachtebeke"]
[Date "2022.02.28"]
[Round "4"]
[White "Koridze, Lile"]
[Black "Dreelinck, Adriaan"]
[Result "1/2-1/2"]
[WhiteElo "1977"]
[BlackElo "2116"]
[PlyCount "55"]
[EventDate "2022.02.26"]
[EventType "swiss"]
[EventRounds "9"]
[EventCountry "BEL"]
[SourceTitle "CBM 207 Extra"]
[Source "ChessBase"]
[SourceDate "2022.05.31"]
[SourceVersion "1"]
[SourceVersionDate "2022.05.31"]
[SourceQuality "1"]

1. d4 d5 2. c4 c6 3. cxd5 cxd5 4. Nf3 Nc6 5. Nc3 Nf6 6. Bf4 Nh5 7. Bg5 h6 8. Bd2 e6 9. e3 Bd6 10. Bd3 0-0 11. 0-0 Nf6 12. Rc1 e5 13. dxe5 Nxe5 14. Nxe5 Bxe5 15. h3 Re8 16. Qf3 Bd7 17. b4 a6 18. a4 d4 19. exd4 Bc6 20. d5 Bxd5 21. Nxd5 Qxd5 22. Qxd5 Nxd5 23. Rfe1 Rad8 24. Rcd1 Nc3 25. Bxc3 Bxc3 26. Rxe8+ Rxe8 27. b5 axb5 28. Bxb5 1/2-1/2